000 00926nam a2200241 a 4500
008 120416s2002 ||||||||||||||||| || u
020 _a052177439X
050 _aTP 248.23 Bau
100 _aGaskell, George
245 1 0 _aBiotechnology
_cedited by Martin W. Bauer
246 _athe making of global controversy
260 _aCambridge
_bCambridge University Press
_c2002
300 _axvii, 411p. : ill.
350 _a0.00
500 _aBibliography
650 _aMASS MEDIA--EUROPE
650 _aBIOTECHNOLOGY--SOCIAL ASPECTS
650 7 _aTECHNOLOGY
_2fast
650 _aBIOTECHNOLOGY--EUROPE--PUBLIC OPINION
856 _uhttp://www.loc.gov/catdir/description/cam022/2001052636.html
856 _uhttp://www.loc.gov/catdir/toc/cam021/2001052636.html
995 _D0.00
_FCBU-MAIN LIBRARY (Kitwe)
_H1
_I17.95
_M1
_UAVAILABLE
_ZMain Library Open Access Collection
999 _c35940
_d35940